Statistiques concernant Petit Bac: Les Pokémon de type eau

Cliquez ici pour prendre le quiz!

Statistiques générales

  • Ce quiz a été pris 368 fois
  • Le résultat moyen est 15 sur 20

Statistiques - réponses

LettrePokémon% Correct
AAkwakwak / Aligatueur / Amonita / Amphinobi/ Amonistar / Arakdo / Araqua / Arrozard / Aquali / Axoloto / Azumarill
97%
CCanarbello / Carabaffe / Carapagos / Carapuce / Carvanha / Castorno / Clamiral / Cocombaffe / Coiffeton / Colhomard / Coquiperl / Couaneton / Corayon / Crapustule / Croâporal / Crustabri
97%
LLaggron / Lakmécygne / Lamantine / Lanturn / Larméléon / Léviator / Lézargus / Lokhlass / Lombre / Loupio / Lovdisc / Ludicolo / Luminéon
96%
pPalkia / Palmaval / Paragruel / Pingoléon / Phione / Phogleur / Prinplouf / Poissirène / Poissoroy / Prédastérie / Psykokwak / Ptitard
95%
TTarembule / Tarpaud / Tartard / Taupikeau / Tauros / Tentacool / Tentacruel / Têtarte / Tiplouf / Tokopisco / Torgamord / Tortank / Triopikeau / Tritosor / Tritonde
94%
MMagicarpe / Mamanbo / Manaphy / Maraiste / Marill / Mateloutre / Mégapagos Milobellus / Morphéo / Motisma / Moustillon / Moyade / Mustébouée / Mustéflott
90%
KKabuto / Kabutops / Kaïminus / Kaimorse / Keldeo / Khélécrok / Kokiyas / Krabboss / Krabby / Kyogre
86%
GGamblast / Gobou / Goélise / Golgopathe / Grenousse
82%
SSancoki / Sarmuraï / /Serpang / SerpenteEau / Sharpedo / Shifours / Stari / Staross / Suicune / Superdofin / Sovkipou
82%
BBabimanta / Barbicha / Bargantua / Barpau / Barloche / Batracné / Bekipan
78%
OObalie / Octillery / Ogerpon / Opermine / Oratoria / Otaquin / Otarlette / Otaria / Oyacata
78%
FFlagadoss / Flingouste / Flobio / Flotajou / Flotoutan / Froussardine
74%
RRamoloss / Relicanth / Rémoraid / Roigada / Rosabyss
70%
WWailmer / Wailord
67%
QQwilfish
56%
DDélestin / Démanta / Denticrisse / Dofin
54%
HHastacuda / Hotte-de-Fer / Hydragla / Hydragon / Hypocéan / Hyporoi / Hypotrempe
52%
VVenalgue / Viskuse / Volcanion / Vorastérie
52%
EEcayon / Ecrapince / Embrochet
49%
NNénupiot / Nigirigon / Nigosier
44%

Distribution des résultats

Percentile par nombre de réponses

% des personnes avec chaque résultat

Votre développement - résultats

Vous n’avez pas pris ce quiz